|
|
|
|
| LEADER |
00000nam0a2200000 4500 |
| 001 |
220753 |
| 005 |
20231101230347.0 |
| 035 |
|
|
|a (RuTPU)RU\TPU\book\240886
|
| 090 |
|
|
|a 220753
|
| 100 |
|
|
|a 20120830d1971 m y0rusy50 ca
|
| 101 |
0 |
|
|a rus
|
| 102 |
|
|
|a RU
|
| 105 |
|
|
|a a z 001yb
|
| 200 |
1 |
|
|a Эрнест Хемингуэй
|f Б. Т. Грибанов
|
| 210 |
|
|
|a Москва
|c Молодая гвардия
|d 1971
|
| 215 |
|
|
|a 448 с.
|c фотогр.
|
| 225 |
1 |
|
|a Жизнь замечательных людей. Серия биографий
|
| 600 |
|
1 |
|a Хемингуэй
|b Э. М.
|c американский писатель
|c лауреат Нобелевской премии
|f 1899-1961
|g Эрнест Миллер
|2 stltpush
|3 (RuTPU)RU\TPU\pers\18600
|9 6900
|
| 610 |
1 |
|
|a биографии
|
| 610 |
1 |
|
|a американские писатели
|
| 675 |
|
|
|a Р2
|v 3
|
| 700 |
|
1 |
|a Грибанов
|b Б. Т.
|g Борис Тимофеевич
|
| 801 |
|
1 |
|a RU
|b 63413507
|c 20120830
|
| 801 |
|
2 |
|a RU
|b 63413507
|c 20120904
|g RCR
|
| 942 |
|
|
|c BK
|